Statistics for Star Wars Quiz

Click here to take the quiz!

General Stats

  • This quiz has been taken 2,782 times
    (2,727 since last reset)
  • The average score is 11 of 16

Answer Stats

QuestionsAnswer% Correct
Who is Han Solo's co-pilot?Chewbacca
99%
Who said "do, or do not, there is no try"Yoda
96%
What is Darth Sidious' real name?Palpatine
93%
Who killed Obi-Wan's master?Darth Maul
89%
What did anakin build as a little boy?C3-PO
87%
Who is Obi-Wan's master?Qui Gon Jinn
84%
Who is Mace Windu's actor?Samuel L Jackson
84%
Where did the start of episode V take place?Hoth
83%
What did Han Solo get frozen in?Carbonite
82%
What planet does the Death Star blow up in episode IVAlderaan
80%
What colour armour does Clone Commander Cody wear?Orange
69%
What planet do Anakin and Obi-Wan fight on?Mustafar
64%
What giant monster does Luke kill in episode VIRancor
56%
What type of droid is R2-D2?Astromech
43%
What planet does Ki Adi Mundi die on?Mygeeto
17%
What City is Jar Jar Binks is from?Otoh Gunga
10%

Score Distribution

Percentile by Number Answered

Percent of People with Each Score

Your Score History

You have not taken this quiz since the last reset